Divorced women : (Record no. 124128)

MARC details
000 -LEADER
fixed length control field 00853nam a22002657a 4500
003 - CONTROL NUMBER IDENTIFIER
control field dpl
005 - DATE AND TIME OF LATEST TRANSACTION
control field 20180809132815.0
008 - FIXED-LENGTH DATA ELEMENTS--GENERAL INFORMATION
fixed length control field 180809b xxu||||| |||| 00| 0 eng d
010 ## - LIBRARY OF CONGRESS CONTROL NUMBER
LC control number A-943880
020 ## - INTERNATIONAL STANDARD BOOK NUMBER
Terms of availability 00.00
International Standard Book Number 8170249635
035 ## - SYSTEM CONTROL NUMBER
System control number A-943880, A-943883
037 ## - SOURCE OF ACQUISITION
Source of stock number/acquisition Cen Lib/Ret
040 ## - CATALOGING SOURCE
Original cataloging agency DPL
Language of cataloging EN
Transcribing agency 0
082 ## - DEWEY DECIMAL CLASSIFICATION NUMBER
Classification number 305.4
Item number USH
100 ## - MAIN ENTRY--PERSONAL NAME
Personal name Usha Devi R.
9 (RLIN) 9448
245 ## - TITLE STATEMENT
Title Divorced women :
Statement of responsibility, etc by Usha Devi R.
Remainder of title socio-psychological problems /
246 ## - VARYING FORM OF TITLE
Remainder of title
260 ## - PUBLICATION, DISTRIBUTION, ETC. (IMPRINT)
Name of publisher, distributor, etc A. P. H. Publishing Corporation
Date of publication, distribution, etc 1998
Place of publication, distribution, etc New Delhi
270 ## - ADDRESS
City New Delhi
Address 5, Ansari Road, Darya Ganj
Postal code 110002
300 ## - PHYSICAL DESCRIPTION
Extent viii,170p.
Dimensions 21cm(Hb)
500 ## - GENERAL NOTE
General note Includes bibliographical references and index
650 ## - SUBJECT ADDED ENTRY--TOPICAL TERM
Topical term or geographic name as entry element Divorced women--Conduct of life
9 (RLIN) 9449
650 ## - SUBJECT ADDED ENTRY--TOPICAL TERM
Topical term or geographic name as entry element Adjustment (Psychology)
9 (RLIN) 9450
942 ## - ADDED ENTRY ELEMENTS (KOHA)
Source of classification or shelving scheme Dewey Decimal Classification
Koha item type English Books
Classification part 30305.4
Call number suffix USH
Holdings
Withdrawn status Lost status Damaged status Not for loan Home library Current library Date acquired Source of acquisition Cost, normal purchase price Total Checkouts Full call number Barcode Date last seen Copy number Cost, replacement price Price effective from Koha item type Public note Source of classification or shelving scheme Collection code
Written off       Central Library Central Library 13/06/2015 Cen Lib/Ret 0.00   305.4 USH A-943880 13/06/2015 1 0.00 13/06/2015 English Books W/d list no. 6834/24    
        Shahdara Branch Shahdara Branch 09/08/2018 BPPD/PUB 0.00   30305.4 USH A-943883 09/08/2018   0.00 09/08/2018 English Books   Dewey Decimal Classification Non-fiction

© Delhi Public Library
Hit Counter
free hit counter